Investigaciones sobre el manejo y mercadeo sostenible de bambú en Colombia y Costa Rica (Registro nro. 16616)

Detalles MARC
000 -CABECERA
Campo de control 007430000a22002170004500
005 - FECHA Y HORA DE LA ULTIMA TRANSACCION
Campo de control 20170207113658.0
008 - ELEMENTOS DE LONGITUD FIJA—INFORMACION GENERAL
Campo de control 170207b xxu||||| |||| 00| 0 spa d
040 ## - FUENTE DE CATALOGACIÓN
Agencia catalogadora original CO-BoIAVH
Agencia transcriptora CO-BoIAVH
041 ## - IDIOMA
Código de idioma para texto/pista de sonido o título separado Español
090 ## - CLASIFICACIÓN LOCAL
Colección MM
Consecutivo 00233
100 1# - ASIENTO PRINCIPAL--NOMBRE PERSONAL
Nombre personal Manzano, Iván Darío
Término relacionado autor
245 10 - MENCION DE TITULO
Título Investigaciones sobre el manejo y mercadeo sostenible de bambú en Colombia y Costa Rica
Parte restante del título Informe preliminar sobre los resultados del análisis de la cadena productiva de la guadua
257 ## - PAIS DE LA ENTIDAD PRODUCTORA DE FILMES DE ARCHIVO
País de la entidad productora Colombia
264 ## - Producción, Publicación, Distribución, Fabricación y Aviso de copyright
Lugar de producción, publicación, etc s.l.
Nombre del productor, editor, etc. Unión Europea,
Fecha de la producción, publicación, etc. 2002
300 ## - DESCRIPCION FISICA
Extensión CD-ROM
Otros detalles físicos 1
650 ## - ASIENTO SECUNDARIO DE MATERIA - TERMINO TEMATICO
Término temático o nombre geográfico como elemento de entrada Guadua
Subdivisión general mercadeo
651 ## - ASIENTO SECUNDARIO DE MATERIA - NOMBRE GEOGRAFICO
Nombre geográfico Colombia
651 ## - ASIENTO SECUNDARIO DE MATERIA - NOMBRE GEOGRAFICO
Nombre geográfico Costa Rica
700 1# - ASIENTO SECUNDARIO - NOMBRE PERSONAL
Nombre personal Held, Christian
Término de relación autor
942 ## - ELEMENTOS ADICIONALES (KOHA)
Tipo de ítem CD-ROM
Sistema de clasificación Local
Existencias
Withdrawn status Lost status Sistema de Clasificación Damaged status No para préstamo Colección Ubicación Permanente Ubicación actual Fecha de adquisición Fuente de adquisición Total Checkouts Número topográfico Inventario / Código de Barras Date last seen Ejemplar Price effective from Tipo de material
    Local     Audiovisual Bogotá Bogotá 07/02/2017 GTZ   MM-00233 018884 25/03/2015 Ej. 1 25/03/2015 CD-ROM